Dialekty języka polskiego - Statystyki

Ogólne statystyki
  • Ten quiz został rozwiązany 29 razy
  • Średni wynik to 4 z 7
Statystyki odpowiedzi
Obrazkowy Odpowiedź % Poprawnych
Język kaszubski
92%
Etnolekt śląski
77%
Dialekt małopolski
69%
Dialekt mazowiecki
58%
Dialekt wielkopolski
58%
Nowe dialekty mieszane
46%
Dialekt chełmińsko-kociewsko-warmiński
38%
Nie znaleziono quizów pasujących do podanych kryteriów
Rozkład punktacji
Procent ludzi z każdym wynikiem
Percentyl według liczby udzielonych odpowiedzi
Twoja historia wyników
Nie rozwiązałeś tego quizu